书目信息 |
| 题名: |
什么是情感史?
|
|
| 作者: | 王晴佳 著 | |
| 分册: | ||
| 出版信息: | 上海 上海光启书局有限公司 2024.06 |
|
| 页数: | 264页 | |
| 开本: | 21cm | |
| 丛书名: | ||
| 单 册: | ||
| 中图分类: | B842.6 | |
| 科图分类: | ||
| 主题词: | 情感--研究 | |
| 电子资源: | ||
| ISBN: | 978-7-5452-2007-0 | |
| 000 | 00924nam0 2200241 450 | |
| 001 | 013066890 | |
| 005 | 20251023090631.19 | |
| 010 | @a978-7-5452-2007-0@b精装@dCNY73.00 | |
| 100 | @a20240809d2024 em y0chiy0120 ea | |
| 101 | 0 | @achi |
| 102 | @aCN@b310000 | |
| 105 | @ay z 000yy | |
| 106 | @ar | |
| 200 | 1 | @a什么是情感史?@9shen me shi qing gan shi?@f王晴佳著 |
| 210 | @a上海@c上海光启书局有限公司@d2024.06 | |
| 215 | @a264页@d21cm | |
| 300 | @a光启·情感史 世纪出版 | |
| 330 | @a本书介绍了情感史的史学潮流来源、发展应用等,分上下两部分。上半部分介绍什么是情感史;在海外史学界的发展情况;在史学理论中的意义;与妇女史等其他史学领域的关系等。下半部分为情感史研究的方法论探讨与操作实例,以个案的方式展现情感史为具体历史研究带来的新视野和新思路。 | |
| 606 | 0 | @a情感@x研究 |
| 690 | @aB842.6@v5 | |
| 701 | 0 | @a王晴佳@9wang qing jia@4著 |
| 801 | 0 | @aCN@c20250911 |
| 905 | @a河南城建学院图书馆@dB842.6@eW312@ZW312@f1 | |
| 什么是情感史?/王晴佳著.-上海:上海光启书局有限公司,2024.06 |
| 264页;21cm |
| 光启·情感史 世纪出版 |
| ISBN 978-7-5452-2007-0(精装):CNY73.00 |
| 本书介绍了情感史的史学潮流来源、发展应用等,分上下两部分。上半部分介绍什么是情感史;在海外史学界的发展情况;在史学理论中的意义;与妇女史等其他史学领域的关系等。下半部分为情感史研究的方法论探讨与操作实例,以个案的方式展现情感史为具体历史研究带来的新视野和新思路。 |
| ● |
| 相关链接 |
|
|
|
正题名:什么是情感史?
索取号:B842.6/W312
 
预约/预借
| 序号 | 登录号 | 条形码 | 馆藏地/架位号 | 状态 | 备注 |
| 1 | 1636377 | 216363771 | 社科库509/509社科库 37排1列5层/ [索取号:B842.6/W312] | 在馆 |